| 000 | 00000nam 2200000zi 4500 |
| 001 | 9.945554 |
| 003 | CaOODSP |
| 005 | 20241125162426 |
| 006 | m o d f |
| 007 | cr |n||||||||| |
| 008 | 241125t19851985oncab ob f000 0 fre d |
| 020 | |z0662539389 |
| 040 | |aCaOODSP|bfre|erda|cCaOODSP |
| 043 | |an-cn---|an-cn-qu |
| 086 | 1 |aEn21-53/1985F-PDF|zEn21-53/1985 |
| 245 | 04|aLes conventions du Québec nordique : |brôle du gouvernement du Canada. |
| 264 | 1|a[Ottawa] : |bGouvernement du Canada = Government of Canada, |c[1985] |
| 264 | 4|c©1985 |
| 300 | |a1 ressource en ligne (16 pages) : |billustrations, cartes |
| 336 | |atexte|btxt|2rdacontent/fre |
| 337 | |ainformatique|bc|2rdamedia/fre |
| 338 | |aressource en ligne|bcr|2rdacarrier/fre |
| 500 | |aÉdition numérisée de l'imprimée [par Direction des publications du Gouvernement du Canada]. |
| 500 | |aPublié aussi en anglais sous le titre : The Northern Quebec agreements : Government of Canada involvement. |
| 500 | |a« Cette brochure a été publiée conjointement par: ministère des Pêches et des Océans du Canada, ministère des Affaires indiennes et du Nord canadien et Environnement Canada. » |
| 504 | |aComprend des références bibliographiques. |
| 650 | 6|aAutochtones|zCanada|xRelations avec l'État. |
| 650 | 6|aAutochtones|zQuébec (Province) |
| 650 | 6|aAutochtones|zQuébec (Province)|xRelations avec l'État. |
| 650 | 6|aAutochtones|zQuébec (Province)|vTraités. |
| 710 | 1 |aCanada. |bEnvironnement Canada, |eorganisme de publication. |
| 710 | 1 |aCanada.|bAffaires indiennes et du Nord, |eorganisme de publication. |
| 710 | 1 |aCanada. |bMinistère des pêches et des océans, |eorganisme de publication. |
| 775 | 08|tThe Northern Quebec agreements : |w(CaOODSP)9.945550 |
| 856 | 40|qPDF|s16.6 Mo|uhttps://publications.gc.ca/collections/collection_2024/eccc/En21-53-1985-fra.pdf |